00397nam a2200145Ia 4500003000400000005001700004008004100021020001800062040000900080082001700089100002100106245006000127260005500187300000900242OSt20200125100737.0190216s9999||||xx |||||||||||||| ||und|| a9788120314429 coclc a658.5bPAN/P aPanneerselvam, R 0aProduction And Operations Management /cR Panneerselvam bPrentice Hall Of India Pvt Ltd,c2002.aNew Delhi: a455p